Počítače a programování

Salvato in:
Dettagli Bibliografici
Autori principali: Hruška, Tomáš (Autore), Češka, Milan (Autore), Honzík, Jan (Autore), Rábová, Zdena (Autore)
Natura: Libro
Lingua:ceco
Pubblicazione: Brno : Vysoké učení technické v Brně, 1986
Edizione:4. vyd.
Tags: Aggiungi Tag
Nessun Tag, puoi essere il primo ad aggiungerne!!

MARC

LEADER 00000nam a22000003a 4500
001 stu25621
005 20150617225745.7
008 980519s1986------------------------cze-d
040 |a STU  |b slo 
041 0 |a cze 
100 1 |a Hruška, Tomáš  |4 aut 
245 1 |a Počítače a programování 
250 |a 4. vyd. 
260 |a Brno :  |b Vysoké učení technické v Brně,  |c 1986 
300 |a 286 s 
700 1 |a Češka, Milan  |4 aut 
700 1 |a Honzík, Jan  |4 aut 
700 1 |a Rábová, Zdena  |4 aut 
996 |b 284ES17219  |c E*S-26566  |l EE01  |s A  |a 24  |w stu25621_0005 
996 |b 284ES17224  |c E*S-26570  |l EE01  |s A  |a 24  |w stu25621_0009